| 000 | 00743nam a22001817a 4500 | ||
|---|---|---|---|
| 003 | UA-OsUOA | ||
| 001 | 16219 | ||
| 007 | ta | ||
| 008 | 20031223b un ||||| |||| 00| 0 ukr d | ||
| 100 | _aШесталюк Т. | ||
| 942 | _cSA | ||
| 040 |
_aUA-OsUOA _cUA-OsUOA _dUA-OsUOA |
||
| 245 |
_aТам , де працює "Беркут" , не допускається порушень громадського порядку _b[Розмова з командиром ОРМШР "Беркут" майором міліції Т.Шелестюком]/ Н.Савченко |
||
| 300 | _aС.3 | ||
| 955 | _a0 | ||
| 773 | 0 |
_w0 _tЗакон. Право _dРівне _d2003 _g№23/24/Груд./ |
|
| 650 | 7 |
_aКраєзнавча робота _2UDC |
|
| 999 |
_c302384 _d302384 |
||